| 000 | 00584nam a2200229Ia 4500 | ||
|---|---|---|---|
| 003 | OSt | ||
| 005 | 20230503141547.0 | ||
| 008 | 210423s2019 xx 000 0 und d | ||
| 020 | _a978-1-108-43200-9 | ||
| 040 | _cAL | ||
| 041 | _aeng | ||
| 082 |
_a381.457 _223 _bTOWT |
||
| 100 |
_aTOWSE (Ruth) _997104 |
||
| 245 | _aTextbook of cultural economics Ed 2 | ||
| 250 | _a2 | ||
| 260 |
_aUK _bCambridge University Press _c2019 |
||
| 300 |
_axxix,695 _bPB |
||
| 365 |
_b4050.02 _cUSD |
||
| 650 |
_aCommerce _997105 |
||
| 906 | _acultural ; economics ; Textbook | ||
| 942 |
_2ddc _cBK |
||
| 999 |
_c170791 _d170791 |
||